Entre hombres: masculinidades del siglo XIX en América Latina
Shranjeno v:
| Main Authors: | , |
|---|---|
| Format: | Knjiga |
| Jezik: | španščina |
| Izdano: |
Madrid
Iberoamericana
2010
|
| Serija: | Colección Nexos y Diferencias
|
| Teme: | |
| Oznake: |
Označite
Brez oznak, prvi označite!
|
MARC
| LEADER | 00000nam a2200000 a 4500 | ||
|---|---|---|---|
| 001 | UCG3016 | ||
| 003 | CL-VaPUC | ||
| 008 | 100805e20100000SP |||||||||||||||||spa|d | ||
| 020 | |a 9788484894919 | ||
| 082 | 0 | 4 | |a 860.9351 |b PEL |2 21 |
| 100 | 0 | |a Peluffo, Ana |e author |9 551756 | |
| 700 | 0 | |a Sánchez Prado, Ignacio M |e author |9 551757 | |
| 245 | 1 | 0 | |a Entre hombres: masculinidades del siglo XIX en América Latina |
| 300 | |a 335 p | ||
| 942 | |c BK | ||
| 945 | |d 20100805 00:00:00 |a mfarfan | ||
| 260 | |a Madrid |b Iberoamericana |c 2010 | ||
| 650 | 0 | |a Literatura |9 259151 | |
| 650 | 0 | |a Historia y crítica |9 257407 | |
| 651 | 0 | |a América Latina |9 255027 | |
| 583 | |a last modification |c 20100805 00:00:00 |k Rodrigo Vera | ||
| 490 | 0 | |a Colección Nexos y Diferencias | |
| 999 | |c 342115 |d 342113 | ||
| 952 | |0 0 |1 0 |4 0 |6 860_935100000000000_PEL_2010 |7 0 |8 A |9 438092 |a BIBHIS |b BIBHIS |d 2019-11-22 |i 4702921 |o 860.9351 PEL 2010 |p 4702921 |r 2025-01-20 |w 2019-11-22 |y BK |k HIS | ||